Statistics for African Countries Anagrams

Click here to take the quiz!

General Stats

  • This quiz has been taken 336 times
  • The average score is 10 of 16

Answer Stats

HintAnswer% Correct
Gear I InNigeria
87%
Corm CooMorocco
84%
And UsSudan
84%
And WarRwanda
78%
Age LiarAlgeria
76%
Race MoonCameroon
74%
Ammo Be QuizMozambique
74%
Safari BunkoBurkina Faso
68%
Aim AlsoSomalia
66%
Cheesy SellSeychelles
65%
Oat Pie HiEthiopia
61%
Haunts DuosSouth Sudan
50%
A Conductible Comic Rope FrogDemocratic Republic of Congo
44%
Haircut As OfSouth Africa
41%
Soya VictorIvory Coast
26%
Earlier NoseSierra Leone
21%

Score Distribution

Percentile by Number Answered

Percent of People with Each Score

Your Score History

You have not taken this quiz